Spieler von Real Madrid erraten - Statistiken

Allgemein
  • Dieses Quiz wurde 438 mal gespielt
  • Das Durchschnittsergebnis liegt bei 7 aus 10
Antwortstatistiken
Beschreibung Name % Korrekt
charismatische Persönlichkeit, Rekordtorschütze von Real Madrid, erzielte in 292 Ligapartien sagenhafte 311 Tore, langjähriger intensiver Konkurrenzkampf mit dem Rekordtorschützen des Erzrivalen ließ den Clasicos eine neue Bedeutung zukommen Cristiano Ronaldo
95%
Stürmerlegende, die bis auf eine Saison mit nur fünf Ligatreffern in 32 Partien immer ein Torgarant war, seit dem Abgang von CR7 wichtiger denn je für die "Königlichen", fünffacher Champions League-Sieger Karim Benzema
94%
Knochenharter IV mit Legendenstatus, der am Platz keine Skrupel kannte, bei Handgreiflichkeiten in Clasicos gemeinsam mit Teamkollege Pepe stets im Mittelpunkt des Geschehens gewesen, lieferte sich die erbittersten Zweikämpfe seiner Karriere mit einem nicht unbekannten Argentinier, bei PSG paradoxerweise nun vereint Sergio Ramos
91%
der wohl bekannteste (Ex)-Fußballer Englands, seine Frau heißt im Vornamen Victoria, hervorragender Freistoßschütze David Beckham
85%
ca. 1,85 cm großer Torhüter mit starken Reflexen, wurde 2013/14, als er noch beim Stadtrivalen vom FC Valencia spielte, zum besten Keeper der Liga gekürt, anschließend wechselte der Gesuchte zu Real und erkämpfte sich einen Stammplatz, dann kam Thibaut Courtois Keylor Navas
76%
einer der besten afrikanischen Stürmer, die der Weltfußball bis jetzt zu bieten hatte, absolvierte Ende der 90er Jahre 3 Ligamatches für Real, entwickelte sich beim Erzrivalen zum Weltklasseangreifer, gewann 2010 mit Inter Mailand die Champions League Samuel Etoo
71%
Spielmacher und der Wunschspieler des damaligen portugiesischen Coaches gewesen, begann seine Profikarriere in Gelsenkirchen, Linksfuß, "Ex-Gunner" Mesut Özil
70%
in Madrid geboren, Außenverteidiger mit hohem Offensivdrang, kann aufgrund seiner Offensivstärke aber auch am Flügel im Mittelfeld aufgeboten werden, schaffte in Schwarz-Gelb den Durchbruch, Stand Juni 2022 in Frankreich unter Vertrag Achraf Hakimi
65%
in Accra geboren, verbachte die erfolgreichste Zeit seiner Karriere beim FC Chelsea, wurde 2012/13 an die "Königlichen" verliehen, gute Ausdauer, Mittelfeldspieler mit Offensiv- und Defensivqualitäten Michael Essien
39%
war der erste Österreicher, welcher in einem Pflichtspiel für die "Königlichen" zum Einsatz kam (2015 Debüt im Copa del Rey gegen Cádiz), offiziell auch zweifacher CL-Sieger, nach seiner Zeit in Madrid wurde sein neuer Coach Christian Streich Philipp Lienhart
38%
Keine übereinstimmenden Quizze gefunden
Verteilung der Resultate
Anzahl Personen mit jedem Resultat
Perzentil nach korrekt beantworteten Fragen
Ihre Resultats-Entwicklung
Sie haben dieses Quiz noch nicht gespielt